ANY Asian Metro (A-Z) Quiz Stats

 Plays Quiz Updated Sep 9, 2018

Support Sporcle.
Go Orange.
Score 0/26 Timer 05:00
5 Plays Today
Letter Metros % Correct
BBeijing, Bangkok, Bangalore...
97.3%
TTokyo, Tehran, Tianjin...
94.6%
SShanghai, Seoul, Shenzhen...
93.4%
DDelhi, Dhaka, Dalian...
88.6%
HHyderabad, Hangzhou, Ho Chi Minh City...
88.5%
MManila, Mumbai, Medan...
86.5%
KKarachi, Kolkata, Kuala Lumpur
84%
JJakarta, Jeddah, Jinan...
81%
AAhmedabad, Ankara, Amman...
80%
PPune, Pyongyang, Patna...
68.3%
OOsaka, Okayama, Omsk
59.6%
UUrumqi, Ulaanbaatar, Ulsan
57.5%
RRiyadh, Rawalpindi, Rajkot...
57.3%
Letter Metros % Correct
CChennai, Chengdu, Chongqing...
55.7%
GGuangzhou, Guiyang, Gujranwala...
52.1%
XXian, Xiamen, Xuzhou...
49.8%
IIstanbul, Izmir, Isfahan...
47.8%
YYangon, Yantai, Yangzhou...
46.6%
LLahore, Lucknow, Lanzhou...
42.4%
NNagoya, Nanjing, Nanning...
36.9%
WWuhan, Wenzhou, Wuxi...
35.9%
FFaisalabad, Fuzhou, Fukuoka...
27.1%
QQingdao, Quanzhou, Qiqihar...
22.6%
ZZhengzhou, Zibo, Zhuhai...
14.9%
EErbil
13.2%
VVadodara, Vishakhapatnam, Varanasi...
8.7%

You're not logged in!

Compare scores with friends on all Sporcle quizzes.
OR
Log In

From the Vault

Dave Matthews Band Albums

by Derek

If you don't have anything planned this summer, you could do worse than following DMB around.
Remove Ads.
Support Sporcle.
Get the best of Sporcle when you Go Orange. This ad-free experience offers more features, more stats, and more fun while also helping to support Sporcle. Thank you for becoming a member.

Show Comments

Extras

Top Quizzes Today


Score Distribution

Your Account Isn't Verified!

In order to create a playlist on Sporcle, you need to verify the email address you used during registration. Go to your Sporcle Settings to finish the process.

Report this User

Report this user for behavior that violates our Community Guidelines.

Details: